1077 1737 1813 1559 1249 1463 1850 1520 1794 1950 1825 1620 1186 1119 1867 1453 1591 1136 1920 1850 1910 1515 1310 1478 1786 1801 1109 1657 1943 1484 1486 1753 1125 1482 1585 1213 1644 1254 1763 1058 1159 1160 1279 1565 1594 1029 1985 1158 1673 1155 1972 1752 1097 1569 1738 1410 1485 1166 1388 1986 1780 1063 1799 1874 1863 1729 1398 1448 1487 1356 1644 1121 1336 1894 1019 1707 1895 1563 1993 1163 1466 1689 1372 1359 1154 1083 1481 1928 1493 1541 1701 1312 1018 1288 1312 1867 1343 1642 1693 BCNSPRNW ULIB Ver.6.0+V

เปลี่ยนเป็นภาษาไทย

Change to English
 แสดงรายละเอียดบรรณานุกรม
  กลับหน้าหลัก

Brief Record : Get Marc (ISO 2709) : E-mail record : QR code < ปิดหน้าต่าง
LEADER : 00000nam 2200000uu 4500
001    13399111839
003     ULIB
008    110627s2548||||th 000 0 tha d
060  4 WY200^bพ796ผ 2548
100 0  พีระ เรืองฤิทธิ์
245 00 รายงานการวิจัยผลการใช้คู่มือการวินิจฉัยการพยาบาลครอบครัว ต่อการวินิจฉัยการพบาบาลของนักศึกษาพยาบาล ในวิทยาลัยพยาบาลบรมราชชนนีสวรรค์ประชารักษ์ นครสวรรค์/^cพีระ เรืองฤิทธิ์
260    นครสวรรค์ :^bวิทยาลัยพยาบาลบรมราชชนนี สวรรค์ประชารักษ์,^c2548
300    152 หน้า
650  7 การพยาบาลครอบครัว
650  7 กระบวนการพยาบาล
650  7 การวินิจฉัยการพยาบาล
945    ^p0^l0^i018192
945    ^p0^l0^i018193
995    ทศพร
999 ^a ใช้งานได้ทุกระบบ
รายการนี้ยังไม่มีแท็ก
คุณยังไม่ได้ล็อกอิน คุณสามารถมีกิจกรรมร่วมกับเว็บไซต์ได้ แต่ต้องล็อกอินก่อน ::
  ล็อกอิน

รายการสื่อสารสนเทศ

ลำดับที่ ประเภท เลขเรียก/บาร์โค้ด สถานที่ สถานะ
- ไม่พบข้อมูล -

รายการใกล้เคียง
    หัวเรื่อง [การพยาบาลครอบครัว]
    หัวเรื่อง [กระบวนการพยาบาล]
    หัวเรื่อง [การวินิจฉัยการพยาบาล]

BibComment


ยังไม่เคยถูกคอมเมนท์

คอมเมนท์ทรัพยากรรายการนี้
  คอมเมนท์: รายงานการวิจัยผลก..


 Copyright 2026. Bcnsprnw @Library